| 000 | 00513nam a2200157Ia 4500 | ||
|---|---|---|---|
| 008 | 170221s9999 xx 000 0 und d | ||
| 100 | _aChunhui Wu | ||
| 245 | _aEfficient ID-based Non-Malleable Trapdoor Commitments Based on RSA and Factoring | ||
| 245 | _cChunhui Wu, Qin Li, and Dongyang Long | ||
| 260 | _bJournal of Communications | ||
| 260 | _c2014 | ||
| 300 | _a34 : 6 | ||
| 650 | _xCommunication | ||
| 650 | _xMedia Arts | ||
| 856 | _uhttp://www.jocm.us/index.php?m=content&c=index&a=lists&catid=146 | ||
| 999 |
_c310816 _d310816 |
||